| 000 | 01468nam a2200349 4500 | ||
|---|---|---|---|
| 999 |
_c15845 _d15845 |
||
| 005 | 20210208162203.0 | ||
| 010 | _aB-713350 B-310218-245 B-7123005 B-736854 | ||
| 020 |
_a9780143104094 _c395.00 |
||
| 020 |
_a9780143104094 _c450.00 |
||
| 020 | _c395.00 | ||
| 035 | _aB-310218-245 | ||
| 035 | _aB-7123005 | ||
| 035 | _aB-713350 | ||
| 035 | _aB-736854 | ||
| 037 | _bGDMK | ||
| 037 | _bPenguin Random House | ||
| 037 | _bGift/Eng/03-02-2021 | ||
| 082 | _a954.09 | ||
| 100 | _aChandra, Bipan | ||
| 245 |
_aIndia since independence / _cby Bipan Chandra, Mridula Mukherjee [and] Aditya Mukherjee |
||
| 250 | _arev.& updated ed. | ||
| 260 |
_aNew Delhi _bPenguin Books _c2008 |
||
| 270 |
_a11,Community centre, Panchsheel Park _bNew Delhi _e110017 |
||
| 270 |
_a7th Floor, Infinity Tower C, DLF Cyber City _bGurgaon (Haryana) _e122002 |
||
| 300 |
_axvi, 771p. _c22cm(pbk) |
||
| 500 | _aincludes bibliographical references & index | ||
| 942 |
_2ddc _cEN _mCHA _h954.09 |
||